Statistics for Paint The Town Red - Doja Cat - All Lyrics

Click here to take the quiz!

General Stats

  • This quiz has been taken 213 times
  • The average score is 454 of 625

Answer Stats

Answer% Correct
I
99%
the
97%
to
97%
a
96%
Said
95%
said
95%
what?
95%
what
95%
Bitch,
94%
bitch,
94%
bitch
94%
paint
94%
town
94%
Ugh
94%
Ugh,
94%
Mm,
92%
red
92%
be
91%
in
91%
famous
89%
she
89%
She
89%
devil
88%
I’d
88%
I'd
88%
rather
88%
bad
87%
instead
87%
don’t
86%
don't
86%
car
85%
My
85%
my
85%
care,
83%
All
80%
all
80%
head
80%
that
80%
rebel
79%
gimme
76%
let
76%
me,
76%
me
76%
for
74%
get
74%
lil'
73%
lil’
73%
take
73%
yo’
73%
her
72%
is
72%
pedal
72%
put
72%
it
70%
on
70%
you
70%
You
70%
you,
70%
settle
68%
foot
67%
go
66%
whole
66%
yeah)
65%
Yeah,
65%
(Yeah,
65%
by
63%
By
63%
your
63%
no
62%
of
60%
Walk
59%
lot
58%
with
58%
happiness
57%
I'll
56%
It’ll
55%
misery
54%
I’m
52%
can't
51%
can’t
51%
dick
51%
now
51%
so
51%
and
50%
two-time
50%
boo
49%
good
49%
This
49%
kidneys
48%
look
48%
hair
47%
see
47%
have
46%
more
46%
need
46%
time
46%
bet
45%
better
45%
ain't
44%
win?
44%
foresight
43%
nowhere
43%
we
43%
here
42%
shit
42%
They
42%
they
42%
'cause
41%
'Cause,
41%
come
41%
gon'
41%
gon’
41%
like
41%
magical
41%
Money
41%
money,
41%
then
41%
there
41%
up
41%
demon
40%
got
40%
Hennessy
40%
just
40%
love
40%
make
40%
smoke
40%
Trust
40%
sign
39%
without
39%
am
38%
new
38%
lord
37%
much
37%
one
37%
remedy
37%
fun
36%
want
36%
wear
36%
courtside
35%
if
35%
jealousy
35%
are
34%
but
34%
energy
34%
illness
34%
seen
34%
ten
34%
times
34%
try,
34%
(yeah),
34%
could
33%
going
33%
talk
33%
chance
32%
drive,
31%
glow
31%
really
31%
sis
31%
big
30%
cite
30%
eatin'
30%
fan
30%
off
30%
or
30%
pop
30%
sidekick
30%
sleepin'
30%
penalties
29%
before
28%
things
28%
wig
28%
doin'
27%
vibe,
27%
Fame
26%
feature
26%
horse
26%
knew
26%
dumb,
25%
Fall
25%
Fans
24%
fight
24%
food
24%
somethin'
24%
use
24%
extremists
23%
fiendin'
23%
Margiel'
23%
opps
23%
revamp
23%
shot
23%
source
23%
send
22%
bluff,
21%
Called
20%
tryna
20%
waitin'
20%
Throw
19%

Score Distribution

Percentile by Number Answered

Percent of People with Each Score

Your Score History

You have not taken this quiz